000
00307nam a22001457a 4500
008
230906b ||||| |||| 00| 0 eng d
020
_a
9780688069711
041
_a
eng
080
_a
61
082
_a
61BEC
100
_a
5
101
_a
MP
245
_a
THE BODY ELECTRIC
_c
BECKER.O.R
942
_2
udc
_c
BK
999
_c
60261
_d
60261